[Event "8th Lost Boys op"]
[Site "Amsterdam NED"]
[Date "2000.08.16"]
[Round "6"]
[White "Blokhuis, Jeroen"]
[Black "Ree, Hans"]
[Result "1-0"]
[WhiteElo "2240"]
[BlackElo "2417"]
[EventDate "2000.08.11"]
[PlyCount "65"]

1.e4 e6 2.d4 d5 3.e5 c5 4.c3 Nc6 5.Nf3 Qb6 6.Be2 Nh6 7.Bd3 cxd4 8.cxd4 Bd7
9.Bc2 Nb4 10.Bxh6 gxh6 11.O-O Nxc2 12.Qxc2 Bg7 13.Re1 O-O 14.Nc3 f6 15.Qd2
Be8 16.exf6 Rxf6 17.Ne5 Qd6 18.Re3 Bg6 19.Nb5 Qb6 20.a4 Rd8 21.Rb3 Rf5 22.
a5 Qa6 23.Nc7 Qd6 24.Rxb7 Bxe5 25.dxe5 Qc6 26.a6 Rdf8 27.f3 Rxe5 28.Rc1 
Qa4 29.Rxa7 Rb8 30.Kh1 d4 31.Rb7 Rd8 32.a7 d3 33.Rb8 1-0

[Event "8th Lost Boys op"]
[Site "Amsterdam NED"]
[Date "2000.08.16"]
[Round "6"]
[White "Wiersma, Eelke"]
[Black "Remmel, Tim"]
[Result "1-0"]
[WhiteElo "2402"]
[BlackElo "2225"]
[EventDate "2000.08.11"]
[PlyCount "51"]

1.e4 d5 2.exd5 Qxd5 3.Nc3 Qa5 4.d4 c6 5.Nf3 Nf6 6.Bd2 Bf5 7.Bc4 e6 8.Qe2 
Bb4 9.O-O-O Nbd7 10.a3 Bxc3 11.Bxc3 Qc7 12.Ne5 Nxe5 13.dxe5 Nd5 14.Bd2 
O-O-O 15.g4 Bg6 16.f4 h5 17.h3 Qb6 18.Rhf1 hxg4 19.hxg4 Qc5 20.Bb3 Rh3 21.
Rf3 Rdh8 22.f5 exf5 23.gxf5 Bxf5 24.Bb4 Qb6 25.Rxf5 Ne3 26.Rxf7 1-0

[Event "8th Lost Boys op"]
[Site "Amsterdam NED"]
[Date "2000.08.16"]
[Round "6"]
[White "Egeli, Per Ove"]
[Black "Erwich, Frank"]
[Result "1/2-1/2"]
[WhiteElo "2347"]
[BlackElo "2224"]
[EventDate "2000.08.11"]
[PlyCount "49"]

1.c4 c5 2.g3 d5 3.cxd5 Qxd5 4.Nf3 Nc6 5.Bg2 e5 6.O-O Qd7 7.Nc3 Bd6 8.e3 
Nf6 9.d4 exd4 10.exd4 O-O 11.Bg5 cxd4 12.Nxd4 Nxd4 13.Qxd4 Be7 14.Qe3 Qe6 
15.Nb5 Qxe3 16.Bxe3 Bd7 17.Nxa7 Ng4 18.Bb6 Ne5 19.Rad1 Be6 20.b3 Nd7 21.
Be3 Bc5 22.Bxc5 Nxc5 23.b4 Na6 24.b5 Rxa7 25.bxa6 1/2-1/2

[Event "8th Lost Boys op"]
[Site "Amsterdam NED"]
[Date "2000.08.16"]
[Round "6"]
[White "Azadmanesh, Moosa"]
[Black "Backelin, Rikard"]
[Result "0-1"]
[WhiteElo "2141"]
[BlackElo "2306"]
[EventDate "2000.08.11"]
[PlyCount "164"]

1.e4 g6 2.d4 c6 3.Nc3 d6 4.Bc4 b5 5.Bb3 a5 6.Qf3 e6 7.a3 Bg7 8.Bf4 Ba6 9.
Rd1 Qe7 10.h4 h6 11.Qg3 e5 12.dxe5 dxe5 13.Be3 Nf6 14.Bb6 Nbd7 15.Bxa5 Nh5
16.Qf3 Ndf6 17.Bb4 c5 18.Nd5 Nxd5 19.Bxd5 Rc8 20.Ba5 Nf4 21.Ne2 Nxd5 22.
Rxd5 b4 23.axb4 cxb4 24.Qb3 O-O 25.Bxb4 Qc7 26.Bxf8 Bxf8 27.Rd2 Bc4 28.Qe3
Qb7 29.c3 Bc5 30.Qf3 Qe7 31.O-O Rc6 32.Qg3 h5 33.b4 Bb6 34.Kh1 Rf6 35.f3 
Bxe2 36.Rxe2 Rf4 37.Rff2 Rxh4+ 38.Kg1 Rf4 39.Ra2 Qd8 40.Ra1 Qd2 41.Kf1 
Qxc3 42.Re1 Qxb4 43.Rc2 Qd4 44.Qf2 Qxf2+ 45.Rxf2 Bxf2 46.Kxf2 Rf6 47.Kg3 
Ra6 48.Rb1 Kg7 49.Rb7 Kf6 50.Kh4 Rd6 51.g4 hxg4 52.Kxg4 Rd1 53.Rb6+ Kg7 
54.Kg3 Rd2 55.Rb7 Ra2 56.Rc7 Kf6 57.Rc6+ Kg7 58.Rc7 Ra1 59.Rb7 Rg1+ 60.Kf2
Rh1 61.Kg2 Rh4 62.Kg3 Rf4 63.Rb5 f6 64.Rb7+ Kh6 65.Rb8 g5 66.Rb6 g4 67.
fxg4 Kg5 68.Rb4 Rxg4+ 69.Kf3 f5 70.Rc4 Rh4 71.Ra4 Rf4+ 72.Ke3 Kg4 73.Rb4 
Rf3+ 74.Kd2 Rf4 75.Ke3 Kg3 76.Ra4 Rh4 77.Ke2 Rh2+ 78.Kd3 f4 79.Ra5 Rh5 80.
Ra8 Kf3 81.Rf8 Rh7 82.Rd8 Ra7 0-1

[Event "8th Lost Boys op"]
[Site "Amsterdam NED"]
[Date "2000.08.16"]
[Round "6"]
[White "Wippermann, Till"]
[Black "Hopman, Pieter"]
[Result "1/2-1/2"]
[WhiteElo "2306"]
[BlackElo "2188"]
[EventDate "2000.08.11"]
[PlyCount "100"]

1.e4 d5 2.exd5 Qxd5 3.Nc3 Qa5 4.f4 Nf6 5.Nf3 c6 6.Bc4 Nbd7 7.d3 e6 8.O-O 
Be7 9.Qe1 Qc7 10.Kh1 O-O 11.Bxe6 Bd6 12.Bxd7 Bxd7 13.Qh4 Rfe8 14.Bd2 Re7 
15.Ne4 Nxe4 16.dxe4 Rae8 17.e5 Bc5 18.Ng5 Bf5 19.g4 Bxc2 20.Rac1 h6 21.
Rxc2 hxg5 22.Qxg5 Qd7 23.Kg2 Re6 24.Qf5 Qd5+ 25.Rf3 Rd8 26.Ba5 g6 27.Qg5 
Be7 28.Bxd8 Bxg5 29.Bxg5 c5 30.Bf6 b5 31.Kg3 c4 32.Rff2 Qd3+ 33.Kh4 Kh7 
34.Rc3 Qd4 35.Rff3 Rxf6 36.exf6 Qxf6+ 37.Kg3 Qd4 38.Rc2 Qg1+ 39.Kh4 Kg7 
40.f5 Qe1+ 41.Rcf2 g5+ 42.Kxg5 f6+ 43.Kh4 b4 44.Kh3 Kh6 45.Kg2 Kg5 46.h3 
a5 47.a3 Kh4 48.axb4 axb4 49.Rf4 Qd1 50.R4f3 Qe1 1/2-1/2

[Event "8th Lost Boys op"]
[Site "Amsterdam NED"]
[Date "2000.08.16"]
[Round "6"]
[White "Michiels, Bart"]
[Black "Leer-Salvesen, Bjarte"]
[Result "1-0"]
[WhiteElo "2055"]
[BlackElo "2277"]
[EventDate "2000.08.11"]
[PlyCount "105"]

1.e4 e6 2.d4 d5 3.Nc3 Bb4 4.e5 c5 5.a3 Bxc3+ 6.bxc3 Qc7 7.Qg4 f5 8.Qg3 
cxd4 9.cxd4 Ne7 10.Bd2 O-O 11.Bd3 b6 12.Ne2 Ba6 13.Nf4 Qd7 14.h4 Bxd3 15.
Qxd3 Nbc6 16.Rh3 Rac8 17.Rg3 Kh8 18.h5 Rf7 19.Ng6+ Kg8 20.Nxe7+ Nxe7 21.
Bg5 Qa4 22.c3 Qb3 23.Qd2 Kh8 24.h6 g6 25.Bf6+ Kg8 26.Kf1 Qb5+ 27.Kg1 Qe8 
28.Re3 Rc4 29.f3 Nc8 30.g4 fxg4 31.fxg4 b5 32.Rf3 Nb6 33.Raf1 Rcc7 34.Rb1 
a6 35.Kg2 Qf8 36.Qc1 Na4 37.Qd2 Nb6 38.Rb3 Nc4 39.Qa2 Qxh6 40.g5 Qh4 41.
Rb1 Qe4 42.Rc1 Ne3+ 43.Kf2 Nf5 44.Qd2 Qh4+ 45.Kg2 Qe4 46.Kf2 Rc4 47.Rf4 
Qe3+ 48.Qxe3 Nxe3 49.Kxe3 a5 50.Kd3 Ra4 51.Rb1 Rc7 52.Rxb5 Rac4 53.Rb8+ 
1-0

[Event "8th Lost Boys op"]
[Site "Amsterdam NED"]
[Date "2000.08.16"]
[Round "6"]
[White "De Jong, Migchiel"]
[Black "De Vilder, Hans"]
[Result "0-1"]
[WhiteElo "2276"]
[BlackElo "2146"]
[EventDate "2000.08.11"]
[PlyCount "100"]

1.e4 c5 2.Nf3 d6 3.d4 cxd4 4.Nxd4 Nf6 5.f3 e5 6.Nb3 Be6 7.c4 Nbd7 8.Be3 a6
9.Na3 Be7 10.Be2 O-O 11.O-O Nh5 12.g3 g6 13.f4 Ng7 14.fxe5 Nxe5 15.Nd4 Bg5
16.Qd2 Bxe3+ 17.Qxe3 Bh3 18.Rfd1 Qe7 19.Nac2 Ne6 20.b3 Rae8 21.Rd2 h5 22.
Nxe6 fxe6 23.Rad1 Bg4 24.Bxg4 hxg4 25.Ne1 Rf3 26.Nxf3 Nxf3+ 27.Kh1 Nxd2 
28.Qxd2 Rf8 29.Qxd6 Qf6 30.Qd3 Qe5 31.Qd4 Qxd4 32.Rxd4 Rf2 33.a4 Rb2 34.
Rd8+ Kf7 35.e5 Rxb3 36.Rd7+ Kf8 37.c5 Rb4 38.a5 Rb5 39.Rd6 Rxc5 40.Rxe6 
Rxa5 41.Rxg6 Rxe5 42.Rxg4 b5 43.Rg6 a5 44.Ra6 b4 45.Rb6 Ke7 46.h4 Kd7 47.
g4 Kc7 48.Rf6 b3 49.g5 Re1+ 50.Kg2 b2 0-1

[Event "8th Lost Boys op"]
[Site "Amsterdam NED"]
[Date "2000.08.16"]
[Round "6"]
[White "Van der Hoeven, Gert-Jan"]
[Black "Molinari, Gabriel"]
[Result "1-0"]
[WhiteElo "2251"]
[BlackElo "2121"]
[EventDate "2000.08.11"]
[PlyCount "101"]

1.e4 d5 2.exd5 Nf6 3.Nc3 Nxd5 4.Bc4 Nb6 5.Bb3 Nc6 6.Qf3 e6 7.Nge2 Na5 8.d3
Bd7 9.Qg3 Bc6 10.Bf4 Rc8 11.O-O Nxb3 12.axb3 a6 13.Rfe1 f6 14.Be3 Kf7 15.
Ne4 e5 16.f4 exf4 17.Nxf4 Bxe4 18.dxe4 Bd6 19.Qf2 Re8 20.Rad1 Rxe4 21.Bxb6
Rxe1+ 22.Qxe1 Qe8 23.Be3 Qe4 24.Qd2 Re8 25.Qd5+ Kf8 26.Qxe4 Rxe4 27.Nd5 c6
28.Nc3 Bxh2+ 29.Kxh2 Rxe3 30.Rd7 b5 31.b4 Re5 32.Rc7 Rh5+ 33.Kg1 Rh4 34.
Rxc6 Rxb4 35.b3 Rd4 36.Rxa6 b4 37.Na2 h5 38.Rb6 g5 39.Rxf6+ Kg7 40.Rb6 g4 
41.Nxb4 Rd1+ 42.Kf2 h4 43.Re6 Kf7 44.Re1 g3+ 45.Ke2 Rd4 46.Nd3 Kf6 47.Kf3 
Kf5 48.Re5+ Kg6 49.Re4 Rxe4 50.Kxe4 Kg5 51.Nf4 1-0

[Event "8th Lost Boys op"]
[Site "Amsterdam NED"]
[Date "2000.08.16"]
[Round "6"]
[White "Soderberg, Per"]
[Black "Doggers, Peter"]
[Result "0-1"]
[WhiteElo "2261"]
[BlackElo "2146"]
[EventDate "2000.08.11"]
[PlyCount "78"]

1.e4 c5 2.Nf3 d6 3.Bb5+ Nd7 4.a4 Nf6 5.Nc3 e6 6.O-O Be7 7.d4 cxd4 8.Nxd4 
O-O 9.a5 Ne5 10.f4 Ng6 11.Be3 a6 12.Be2 Nxf4 13.Bxf4 e5 14.Be3 exd4 15.
Bxd4 Be6 16.Bb6 Qc8 17.Ra4 Nd7 18.Be3 Bf6 19.Nd5 Bxd5 20.exd5 Re8 21.Rc4 
Qd8 22.Bf4 Qxa5 23.Bd3 g6 24.Qf3 Re1 25.b4 Qb6+ 26.Kh1 Rxf1+ 27.Bxf1 Be5 
28.Be3 Qd8 29.Qh3 a5 30.b5 a4 31.Bc1 Qf6 32.g4 a3 33.g5 Qf5 34.Bxa3 Qxh3 
35.Bxh3 Nb6 36.Rc7 Rxa3 37.Rxb7 Rxh3 38.Rxb6 Rxh2+ 39.Kg1 Bd4+ 0-1

[Event "8th Lost Boys op"]
[Site "Amsterdam NED"]
[Date "2000.08.16"]
[Round "6"]
[White "Erwich, Marc"]
[Black "Van Dongen, Cor"]
[Result "1-0"]
[WhiteElo "2205"]
[BlackElo "2135"]
[EventDate "2000.08.11"]
[PlyCount "73"]

1.e4 c6 2.d4 d5 3.exd5 cxd5 4.c4 Nf6 5.Nc3 Nc6 6.Nf3 Be6 7.c5 g6 8.Bb5 Bg7
9.Ne5 Bd7 10.Qa4 Qc8 11.O-O O-O 12.Bg5 a6 13.Bxc6 Bxc6 14.Qb3 e6 15.Rfe1 
Ne4 16.Bf4 Nxc3 17.Qxc3 f6 18.Nxc6 Qxc6 19.h4 Rfe8 20.Re2 b6 21.b4 a5 22.
Rc1 axb4 23.Qxb4 bxc5 24.Rxc5 Qa6 25.Qe1 Bf8 26.Rc7 Qb6 27.Qc3 Rxa2 28.
Rxa2 Qb1+ 29.Kh2 Qxa2 30.Qc6 Qa8 31.Qb6 Qd8 32.Qc6 Qa8 33.Qb5 Rc8 34.Rb7 
Re8 35.h5 g5 36.Bg3 Qa1 37.Qxe8 1-0

[Event "8th Lost Boys op"]
[Site "Amsterdam NED"]
[Date "2000.08.16"]
[Round "6"]
[White "Byklum, Bjornar"]
[Black "Van Oosterom, Erik"]
[Result "1-0"]
[WhiteElo "2127"]
[BlackElo "2194"]
[EventDate "2000.08.11"]
[PlyCount "91"]

1.e4 c5 2.Nf3 Nc6 3.g3 g6 4.Bg2 Bg7 5.O-O d6 6.c3 e5 7.d3 Nge7 8.Nh4 O-O 
9.f4 exf4 10.gxf4 f5 11.Nd2 Rb8 12.Ndf3 Kh8 13.Be3 b6 14.Qd2 Qc7 15.Rad1 
Bd7 16.Rfe1 Rbd8 17.Bf2 Bc8 18.Bg3 d5 19.e5 d4 20.c4 Rde8 21.Ng5 h6 22.Nh3
Nd8 23.Bd5 Ne6 24.Re2 Rd8 25.Rg2 Kh7 26.Bxe6 Bxe6 27.Nf3 Qc6 28.Qf2 Bc8 
29.Bh4 Rde8 30.Bxe7 Rxe7 31.Qg3 Bb7 32.Rf1 Rfe8 33.Rff2 Re6 34.Kf1 Qd7 35.
Rg1 b5 36.Nh4 Qf7 37.cxb5 Bd5 38.b3 a6 39.Rc2 Rc8 40.Nf3 Qb7 41.Nfg5+ hxg5
42.Nxg5+ Kg8 43.Nxe6 Bxe6 44.Qxg6 Qf7 45.Rcg2 Rc7 46.Qf6 1-0

[Event "8th Lost Boys op"]
[Site "Amsterdam NED"]
[Date "2000.08.16"]
[Round "6"]
[White "Konings, Frans"]
[Black "Stellwagen, Daniel"]
[Result "1-0"]
[WhiteElo "2162"]
[BlackElo "2285"]
[EventDate "2000.08.11"]
[PlyCount "113"]

1.d4 Nf6 2.Nf3 c5 3.e3 d5 4.Bd3 Nc6 5.h3 e6 6.O-O Be7 7.b3 O-O 8.Bb2 cxd4 
9.exd4 b6 10.Nbd2 Bb7 11.a3 Qc7 12.Qe2 Rfe8 13.b4 Bd6 14.Ne5 g6 15.f4 Bf8 
16.Rf3 Bg7 17.Raf1 Nd7 18.g4 f6 19.Nxc6 Bxc6 20.h4 Re7 21.g5 Rf8 22.Qh2 b5
23.h5 f5 24.Rh3 Nb6 25.hxg6 hxg6 26.Nf3 Nc4 27.Bc1 Kf7 28.Rh7 Ke8 29.Kg2 
Kd8 30.Ne5 Nxe5 31.dxe5 Ree8 32.Qg1 Rh8 33.Rxh8 Rxh8 34.Qd4 Bf8 35.Rh1 
Rxh1 36.Kxh1 Kc8 37.Be3 a6 38.Kg2 Kb8 39.Kf2 Bb7 40.Qa7+ Kc8 41.Bc5 Bxc5+ 
42.Qxc5 Qxc5+ 43.bxc5 d4 44.Be2 Kd7 45.Ke1 Bc6 46.Kd2 Be4 47.c3 dxc3+ 48.
Kxc3 Bc6 49.Kb4 Kc7 50.a4 bxa4 51.Bxa6 Be8 52.Be2 Bf7 53.Bb5 Kb7 54.Kxa4 
Kc7 55.Ka5 Kb7 56.Bd7 Kc7 57.c6 1-0

[Event "8th Lost Boys op"]
[Site "Amsterdam NED"]
[Date "2000.08.16"]
[Round "6"]
[White "Lahaye, Rick"]
[Black "Sadewasser, Axel"]
[Result "0-1"]
[WhiteElo "2220"]
[BlackElo "2211"]
[EventDate "2000.08.11"]
[PlyCount "112"]

1.e4 e6 2.d4 d5 3.e5 c5 4.f4 Nc6 5.Nf3 Nh6 6.Bd3 cxd4 7.h3 Nf5 8.Bxf5 exf5
9.O-O Be6 10.a3 Be7 11.b4 O-O 12.Bb2 Qd7 13.Qd3 Rfc8 14.Nbd2 Bd8 15.Nb3 g6
16.Kh2 Bb6 17.Rfd1 a5 18.b5 Ne7 19.a4 Rc4 20.Nfxd4 Bxd4 21.Bxd4 Qc7 22.c3 
Qd8 23.Qe3 Nc8 24.Nc5 Qe7 25.Rd3 h5 26.Qf2 Kh7 27.Rf3 Kg8 28.Qe3 Kh7 29.
Nb3 Qd8 30.Kg1 Qe7 31.Kf1 Qd8 32.Ke2 Qd7 33.Kf2 Qd8 34.Kg1 Qe7 35.Rff1 Qd7
36.Kf2 Qe8 37.Rg1 Kg8 38.Kf3 Kh7 39.Qd3 Qd8 40.g3 Nb6 41.Nc5 Qe7 42.Qe3 
Rc8 43.Nb3 Nxa4 44.Rgc1 b6 45.Nd2 Nc5 46.Nxc4 dxc4 47.Kg2 Nb3 48.Bxb6 Nxc1
49.Rxc1 Rb8 50.Bxa5 Rxb5 51.Bb4 Qb7+ 52.Kh2 Rd5 53.Qe2 Rd3 54.Rd1 Qd5 55.
Rxd3 cxd3 56.Qd2 Qf3 0-1

[Event "8th Lost Boys op"]
[Site "Amsterdam NED"]
[Date "2000.08.17"]
[Round "7"]
[White "Shchekachev, Andrei"]
[Black "Van der Sterren, Paul"]
[Result "0-1"]
[WhiteElo "2503"]
[BlackElo "2569"]
[EventDate "2000.08.11"]
[PlyCount "92"]

1.Nf3 Nf6 2.c4 c5 3.Nc3 Nc6 4.e4 e6 5.Be2 b6 6.O-O Bb7 7.d4 cxd4 8.Nxd4 
Qc7 9.Kh1 Nxd4 10.Qxd4 Bc5 11.Qd3 O-O 12.Bg5 Qe5 13.Bxf6 Qxf6 14.Qxd7 Rab8
15.Rad1 Bxf2 16.Rd3 Rfd8 17.Qc7 Rdc8 18.Qd6 Rd8 19.Qc7 Rdc8 20.Qd6 Bc5 21.
Qg3 Qe7 22.Bh5 g6 23.Rfd1 Rd8 24.Bf3 e5 25.Nd5 Bxd5 26.Rxd5 Bd4 27.b3 Rxd5
28.exd5 Rf8 29.Qe1 Bc5 30.Qd2 Rd8 31.Be2 e4 32.Rf1 Bd6 33.Qd4 Qh4 34.Qg1 
f5 35.g3 Qh6 36.Qg2 Re8 37.Bd1 Qg5 38.Qb2 a5 39.Kg2 f4 40.Kh1 f3 41.Qf2 
Bc5 42.Qe1 Re7 43.Qc3 e3 44.Bxf3 e2 45.Bxe2 Rxe2 46.Qf3 Qe7 0-1

[Event "8th Lost Boys op"]
[Site "Amsterdam NED"]
[Date "2000.08.17"]
[Round "7"]
[White "Epishin, Vladimir"]
[Black "Jonkman, Harmen"]
[Result "1-0"]
[WhiteElo "2567"]
[BlackElo "2424"]
[EventDate "2000.08.11"]
[PlyCount "59"]

1.d4 d5 2.c4 dxc4 3.Nf3 Nf6 4.e3 e6 5.Bxc4 a6 6.O-O c5 7.Bb3 cxd4 8.exd4 
Nc6 9.Nc3 Be7 10.Bf4 O-O 11.Re1 b5 12.d5 exd5 13.Nxd5 Nxd5 14.Qxd5 Bb7 15.
Qh5 Bf6 16.Rad1 Qc8 17.Bd6 g6 18.Qh6 Na5 19.Be5 Qf5 20.Bc2 Bxe5 21.Bxf5 
Bg7 22.Qf4 gxf5 23.Nd4 Bc8 24.Rd3 Ra7 25.Rg3 f6 26.h4 Nc4 27.h5 h6 28.Qxh6
Ne5 29.Qf4 Kh7 30.Nxf5 1-0

[Event "8th Lost Boys op"]
[Site "Amsterdam NED"]
[Date "2000.08.17"]
[Round "7"]
[White "Bosch, Jeroen"]
[Black "Meijers, Viesturs"]
[Result "1/2-1/2"]
[WhiteElo "2405"]
[BlackElo "2478"]
[EventDate "2000.08.11"]
[PlyCount "80"]

1.d4 d5 2.c4 e6 3.Nc3 Nf6 4.cxd5 exd5 5.Bg5 Be7 6.e3 Nbd7 7.Bd3 O-O 8.Qc2 
b6 9.Nf3 Bb7 10.Rd1 a6 11.Ne5 h6 12.Bh4 Nxe5 13.dxe5 Ng4 14.Bg3 Bh4 15.Be2
Bxg3 16.hxg3 Nxe5 17.Rh5 Re8 18.f4 Nd7 19.Nxd5 Nf6 20.Nxf6+ Qxf6 21.Kf2 
Be4 22.Qc3 Qxc3 23.bxc3 Re7 24.Bc4 c5 25.Rd6 b5 26.Bd5 Rae8 27.Bxe4 Rxe4 
28.Rxc5 Rxe3 29.Rd2 R3e4 30.Rc6 Ra4 31.Rc7 h5 32.Kf3 Ra3 33.Rdd7 Rf8 34.
Rd2 b4 35.Rc2 a5 36.Kf2 Kh7 37.cxb4 axb4 38.Rb7 Rfa8 39.Rxb4 Rxa2 40.Rxa2 
Rxa2+ 1/2-1/2

[Event "8th Lost Boys op"]
[Site "Amsterdam NED"]
[Date "2000.08.17"]
[Round "7"]
[White "Ramesh, Ramachandran"]
[Black "Hendriks, Willy"]
[Result "1-0"]
[WhiteElo "2450"]
[BlackElo "2378"]
[EventDate "2000.08.11"]
[PlyCount "127"]

1.e4 d6 2.d4 Nf6 3.Nc3 g6 4.Be3 Bg7 5.Qd2 c6 6.Nf3 b5 7.Bd3 Bg4 8.Ng1 e5 
9.dxe5 dxe5 10.h3 Be6 11.Nf3 Nbd7 12.Ng5 Qe7 13.Nxe6 Qxe6 14.a4 b4 15.Ne2 
a5 16.O-O O-O 17.c3 Rab8 18.Ng3 bxc3 19.Qxc3 Qb3 20.Rfc1 Rfc8 21.Ba6 Qxc3 
22.Rxc3 Rc7 23.Bb5 Bf8 24.Rac1 c5 25.f3 Be7 26.Nf1 Nf8 27.Bxc5 Ne6 28.Bxe7
Rxe7 29.Ne3 Kg7 30.Rc8 Reb7 31.Rxb8 Rxb8 32.Kf2 Rd8 33.Ke1 Nh5 34.Nd5 Nhf4
35.Nxf4 Nxf4 36.Bf1 Rb8 37.Rc2 Rb4 38.Bb5 Ne6 39.Kf1 Nd4 40.Rc5 Kf6 41.Be8
Rxb2 42.Rxa5 Kg5 43.Rxe5+ Kf4 44.Rd5 Ke3 45.Kg1 Ne2+ 46.Kh2 Nf4 47.Rg5 f6 
48.Rg4 Rb1 49.h4 Ra1 50.Bb5 Rb1 51.Bc6 Nd3 52.e5 Nxe5 53.Re4+ Kf2 54.Bb5 
Rb2 55.Kh3 h6 56.Rd4 g5 57.hxg5 hxg5 58.Rd6 Rb1 59.Kh2 f5 60.Rd2+ Ke3 61.
Rd5 Ng6 62.Rxf5 Kf2 63.Rxg5 Nf4 64.Rg4 1-0

[Event "8th Lost Boys op"]
[Site "Amsterdam NED"]
[Date "2000.08.17"]
[Round "7"]
[White "Ravi, Thandalam Shanmugam"]
[Black "Van der Werf, Mark"]
[Result "0-1"]
[WhiteElo "2385"]
[BlackElo "2429"]
[EventDate "2000.08.11"]
[PlyCount "156"]

1.e4 d5 2.exd5 Qxd5 3.Nc3 Qa5 4.d4 c6 5.Nf3 Nf6 6.Bc4 Bf5 7.Bd2 e6 8.Nd5 
Qd8 9.Nxf6+ gxf6 10.Bf4 Nd7 11.O-O Nb6 12.Bb3 Bg4 13.Re1 Bd6 14.Bg3 O-O 
15.Bh4 Nd5 16.h3 Bh5 17.g4 Bg6 18.Nd2 Bf4 19.c4 Nb6 20.Ne4 Bg5 21.Bg3 Bh6 
22.Nc5 f5 23.Nxb7 Qe7 24.gxf5 Qxb7 25.fxg6 hxg6 26.Qf3 a5 27.a3 a4 28.Ba2 
Ra5 29.Re5 Rxe5 30.dxe5 Nd7 31.Rb1 Nc5 32.b4 axb3 33.Bxb3 Qa6 34.Bd1 Qxc4 
35.Qxc6 Qd3 36.Qb5 Qxa3 37.Qb4 Qd3 38.Qb5 Qd5 39.Bg4 Qd3 40.Qxd3 Nxd3 41.
Rd1 Nc5 42.Bf3 Rb8 43.Kg2 Rb4 44.Rd8+ Kg7 45.Rc8 Nd3 46.Bg4 Bf4 47.Rc3 
Nxe5 48.Bxf4 Rxf4 49.Kg3 Rd4 50.Rc7 Kf6 51.Be2 g5 52.Bh5 Rd3+ 53.f3 Rd4 
54.Rb7 Rh4 55.Bg4 Ng6 56.Rb8 Rh6 57.Ra8 Nf4 58.Rg8 Rg6 59.Rb8 Rh6 60.Rg8 
Nd5 61.Kh2 Rg6 62.Rh8 Kg7 63.Rd8 Nf4 64.Rd7 Rh6 65.Kg3 Kg6 66.Rd8 f5 67.
Rg8+ Kf6 68.Rf8+ Ke5 69.Rg8 Kf6 70.Rf8+ Kg7 71.Ra8 fxg4 72.hxg4 Rh8 73.Ra5
Kf6 74.Rb5 Ra8 75.Rc5 Ra3 76.Rc2 Ng6 77.Rf2 Nh4 78.Rf1 e5 0-1

[Event "8th Lost Boys op"]
[Site "Amsterdam NED"]
[Date "2000.08.17"]
[Round "7"]
[White "David, Alberto"]
[Black "Lorscheid, Gerhard"]
[Result "1-0"]
[WhiteElo "2487"]
[BlackElo "2306"]
[EventDate "2000.08.11"]
[PlyCount "71"]

1.e4 c6 2.d4 d5 3.e5 Na6 4.h3 g6 5.Nf3 Nc7 6.Bd3 Nh6 7.O-O Bf5 8.Be2 f6 9.
c4 Qd7 10.cxd5 Nxd5 11.Nc3 Be6 12.Ne4 b6 13.exf6 exf6 14.Bc4 Ng8 15.a4 Kf7
16.a5 b5 17.Bb3 Kg7 18.Re1 Re8 19.Bd2 Nc7 20.Bc2 Bf7 21.Rc1 h5 22.Bb1 Na6 
23.Qc2 Nb4 24.Qc3 Qd8 25.Nh4 Qc7 26.Qf3 Nd5 27.Qd3 Nh6 28.Ng3 Rxe1+ 29.
Rxe1 g5 30.Ng6 Nb4 31.Nxh5+ Kg8 32.Nxf6+ Kg7 33.Nh5+ Kg8 34.Qf3 Bxg6 35.
Bxg6 Nd5 36.Re8 1-0

[Event "8th Lost Boys op"]
[Site "Amsterdam NED"]
[Date "2000.08.17"]
[Round "7"]
[White "Van der Weide, Karel"]
[Black "Wortel, Marten"]
[Result "1-0"]
[WhiteElo "2467"]
[BlackElo "2296"]
[EventDate "2000.08.11"]
[PlyCount "47"]

1.e4 c5 2.Nf3 d6 3.d4 cxd4 4.Nxd4 Nf6 5.Nc3 e6 6.g4 h6 7.h4 Nc6 8.Rg1 d5 
9.Bb5 Bd7 10.exd5 Nxd5 11.Nxd5 exd5 12.Be3 Be7 13.Qd2 Ne5 14.Qe2 Nc4 15.
Bxc4 dxc4 16.O-O-O c3 17.b3 Kf8 18.g5 hxg5 19.hxg5 Qa5 20.Kb1 Re8 21.Rh1 
Rg8 22.Qd3 Bxg5 23.Bxg5 Qxg5 24.Nf3 1-0

[Event "8th Lost Boys op"]
[Site "Amsterdam NED"]
[Date "2000.08.17"]
[Round "7"]
[White "Nep, Ron"]
[Black "Saravanan, Venkat"]
[Result "1-0"]
[WhiteElo "2192"]
[BlackElo "2412"]
[EventDate "2000.08.11"]
[PlyCount "107"]

1.d4 Nf6 2.Nf3 g6 3.c4 Bg7 4.Nc3 O-O 5.e4 d6 6.Be2 e5 7.O-O Nc6 8.d5 Ne7 
9.Bg5 h6 10.Bxf6 Bxf6 11.b4 Bg7 12.Nd2 f5 13.f3 h5 14.c5 Kh8 15.Nc4 Ng8 
16.a4 Rf7 17.c6 Bh6 18.Qd3 Nf6 19.cxb7 Bxb7 20.exf5 gxf5 21.Qxf5 Qg8 22.
Bd3 Nxd5 23.Qxh5 Qxg2+ 24.Kxg2 Nf4+ 25.Kh1 Nxh5 26.Be4 Bxe4 27.fxe4 Raf8 
28.Rxf7 Rxf7 29.b5 Rf2 30.Nd5 Re2 31.Na5 Nf4 32.Nxc7 Nd3 33.Nd5 Rxe4 34.
Nc6 Rg4 35.h3 Rg7 36.a5 Nc5 37.a6 Nd7 38.b6 Nxb6 39.Nxb6 e4 40.Nd5 e3 41.
Ra2 Rg3 42.Kh2 Rg5 43.Ncb4 Re5 44.Re2 Kg7 45.Kg3 Kf7 46.Kf3 Rh5 47.Rh2 Re5
48.Ke2 Ke6 49.Rg2 Rh5 50.Rg3 Rh4 51.Kd3 Ke5 52.Rg4 Rxh3 53.Re4+ Kf5 54.
Nxe3+ 1-0

[Event "8th Lost Boys op"]
[Site "Amsterdam NED"]
[Date "2000.08.17"]
[Round "7"]
[White "Rebers, Eugene"]
[Black "Blees, Albert"]
[Result "0-1"]
[WhiteElo "2257"]
[BlackElo "2389"]
[EventDate "2000.08.11"]
[PlyCount "64"]

1.e4 e6 2.d3 c5 3.Nf3 Nc6 4.g3 g6 5.Bg2 Bg7 6.O-O Nge7 7.Nbd2 d6 8.c3 O-O 
9.Re1 Rb8 10.a4 a6 11.Nb3 e5 12.a5 Be6 13.Nfd2 Qc7 14.Nc4 Rbd8 15.Qe2 Kh8 
16.h4 f5 17.exf5 gxf5 18.f4 Nd5 19.fxe5 Nxe5 20.Nxe5 dxe5 21.Bg5 Rde8 22.
c4 Nb4 23.Rad1 Nc6 24.Qd2 Bf7 25.Nxc5 Bh5 26.Rb1 Nd4 27.b4 f4 28.gxf4 exf4
29.Qf2 f3 30.Bf1 Re2 31.Bxe2 fxe2 32.Qe3 Nf3+ 0-1

[Event "8th Lost Boys op"]
[Site "Amsterdam NED"]
[Date "2000.08.17"]
[Round "7"]
[White "Krnic, Zdenko"]
[Black "Roebers, Jan"]
[Result "0-1"]
[WhiteElo "2401"]
[BlackElo "2237"]
[EventDate "2000.08.11"]
[PlyCount "128"]

1.Nf3 g6 2.c4 f5 3.Nc3 Nf6 4.d4 Bg7 5.Qc2 d6 6.Bg5 Na6 7.e3 c6 8.a3 O-O 9.
Bd3 Qe8 10.e4 e5 11.dxe5 dxe5 12.b4 f4 13.Bxf6 Bxf6 14.c5 Nc7 15.Bc4+ Kh8 
16.Nd2 Ne6 17.O-O g5 18.f3 Nd4 19.Qd1 b5 20.cxb6 Bd8 21.b7 Bb6 22.Rf2 Bxb7
23.Na4 Qe7 24.Nb3 Rfd8 25.Nxb6 axb6 26.Nxd4 Rxd4 27.Qc2 Rad8 28.h3 Qd6 29.
Kh2 h5 30.Qc3 Kg7 31.Rc1 g4 32.fxg4 hxg4 33.hxg4 Rh8+ 34.Kg1 Qh6 35.Qh3 
Qxh3 36.gxh3 Rxh3 37.Be6 Rxe4 38.Rd1 Kf6 39.Bf5 Rd4 40.Rxd4 exd4 41.Rxf4 
Ke5 42.Re4+ Kd5 43.Re7 Ba6 44.a4 Bc4 45.Kf2 Ra3 46.b5 c5 47.Rb7 Rxa4 48.
Rxb6 Ra2+ 49.Kg3 d3 50.Rb8 d2 51.Kf4 Kd4 52.Rd8+ Kc3 53.b6 Be2 54.g5 d1=Q 
55.Rxd1 Bxd1 56.g6 Ra8 57.Ke5 Rb8 58.Kd5 Rxb6 59.Kxc5 Rb8 60.Kd6 Bb3 61.
Ke5 Re8+ 62.Kf6 Kd4 63.g7 Bg8 64.Bd7 Rb8 0-1

[Event "8th Lost Boys op"]
[Site "Amsterdam NED"]
[Date "2000.08.17"]
[Round "7"]
[White "Van Delft, Merijn"]
[Black "Hillarp Persson, Tiger"]
[Result "0-1"]
[WhiteElo "2320"]
[BlackElo "2549"]
[EventDate "2000.08.11"]
[PlyCount "82"]

1.e4 e6 2.d4 d5 3.Nc3 Bb4 4.e5 c5 5.a3 Bxc3+ 6.bxc3 Ne7 7.Nf3 Bd7 8.h4 Qa5
9.Bd2 Nbc6 10.h5 O-O-O 11.h6 gxh6 12.Rxh6 Rdg8 13.Rf6 Be8 14.Rb1 Rg4 15.
Bd3 c4 16.Bf1 Ng8 17.Rf4 Rxf4 18.Bxf4 Qxc3+ 19.Bd2 Qxa3 20.Ra1 Qe7 21.Qb1 
f5 22.c3 Bh5 23.Ng5 Bg4 24.f3 Bh5 25.Kf2 h6 26.Nh3 Bf7 27.g3 Qf8 28.Be2 
Nge7 29.Qb5 Qd8 30.Rg1 Qc7 31.Rh1 Ng6 32.Nf4 Nxf4 33.Bxf4 h5 34.g4 fxg4 
35.fxg4 Bg6 36.Ke1 Qe7 37.Qc5 Qxc5 38.dxc5 h4 39.Bg5 h3 40.Bf1 h2 41.Bf4 
Na5 0-1

[Event "8th Lost Boys op"]
[Site "Amsterdam NED"]
[Date "2000.08.17"]
[Round "7"]
[White "Werle, Jan"]
[Black "Bosboom, Manuel"]
[Result "1/2-1/2"]
[WhiteElo "2311"]
[BlackElo "2455"]
[EventDate "2000.08.11"]
[PlyCount "38"]

1.Nf3 c5 2.c4 g6 3.d4 cxd4 4.Nxd4 Bg7 5.e4 Nf6 6.Nc3 O-O 7.Be2 e6 8.O-O d5
9.exd5 exd5 10.cxd5 Nxd5 11.Nxd5 Qxd5 12.Be3 Nc6 13.Nxc6 Qxc6 14.Rc1 Qf6 
15.b3 Bf5 16.Qd5 Qb2 17.Bc4 b6 18.a4 Rae8 19.Qd2 Rd8 1/2-1/2

[Event "8th Lost Boys op"]
[Site "Amsterdam NED"]
[Date "2000.08.17"]
[Round "7"]
[White "Backelin, Rikard"]
[Black "Wiersma, Eelke"]
[Result "1/2-1/2"]
[WhiteElo "2306"]
[BlackElo "2402"]
[EventDate "2000.08.11"]
[PlyCount "160"]

1.c4 Nf6 2.Nc3 c5 3.e3 g6 4.d4 cxd4 5.exd4 Bg7 6.d5 O-O 7.Be2 d6 8.Nf3 Bg4
9.O-O Nbd7 10.Nd2 Bxe2 11.Qxe2 Rc8 12.Rb1 Nh5 13.Nde4 Nb6 14.Nd2 Qd7 15.
Nd1 Rfe8 16.Ne3 e6 17.dxe6 Rxe6 18.Qg4 Qa4 19.a3 d5 20.b3 Qd7 21.cxd5 Nxd5
22.Nxd5 Qxd5 23.Nf3 Rc3 24.Bb2 Rxb3 25.Bxg7 Rxb1 26.Rxb1 Kxg7 27.h3 b6 28.
Qb4 h6 29.Rc1 Qd6 30.Qb2+ Nf6 31.Nd4 Re8 32.Nb5 Qf4 33.Nxa7 Re2 34.Qxe2 
Qxc1+ 35.Qf1 Qxa3 36.Nb5 Qc5 37.Qb1 Ne4 38.Qb2+ Kh7 39.Nd4 Nd6 40.Nf3 b5 
41.Nd4 Qc4 42.g3 Qd5 43.Qb4 Kg7 44.h4 h5 45.Qc3 Kf8 46.Nc6 Ke8 47.Nb4 Qc4 
48.Qe5+ Kd7 49.Nd5 Qc5 50.Qe7+ Kc6 51.Nf6 Qf5 52.Qd8 b4 53.Qa8+ Kc5 54.
Qa7+ Kc4 55.Qa6+ Nb5 56.Qc6+ Kb3 57.Ne4 Nc3 58.Nd2+ Kc2 59.Nc4 Qe4 60.Ne3+
Kb3 61.Qa6 Qf3 62.Qd3 Qe2 63.Qd7 Kb2 64.Qxf7 Qd3 65.Nc4+ Ka1 66.Kh2 b3 67.
Qa7+ Na2 68.Qg7+ Qc3 69.Qf7 b2 70.Nxb2 Qxb2 71.Kg2 Qc2 72.Qf6+ Nc3 73.Qd4 
Kb2 74.g4 Kc1 75.gxh5 gxh5 76.Qf4+ Kd1 77.Qf3+ Ke1 78.Qxh5 Qxf2+ 79.Kh3 
Kf1 80.Qg6 Qf3+ 1/2-1/2